Éléments de cinématique /
Guardado en:
| Autor Principal: | |
|---|---|
| Otros Autores: | |
| Formato: | Libro |
| Idioma: | French |
| Publicado: |
Paris :
Hermann,
c1961.
|
| Series: | Enseignement des sciences
|
| Etiquetas: |
Agregar Etiqueta
Sin Etiquetas, Sea el primero en etiquetar este registro!
|
| LEADER | 00527nam a22001695a 4500 | ||
|---|---|---|---|
| 001 | MAT.inmabb001964 | ||
| 008 | 040113s1961####fr#a##########001#0#fre#d | ||
| 005 | 20170502155056.0 | ||
| 245 | 1 | 0 | |a Éléments de cinématique / |c Jean-Louis Destouches, Michel Cazin. |
| 260 | |a Paris : |b Hermann, |c c1961. | ||
| 300 | |a 230 p. : |b il. ; |c 23 cm. | ||
| 440 | 0 | |a Enseignement des sciences | |
| 100 | 1 | |a Destouches, Jean-Louis. | |
| 700 | 1 | |a Cazin, Michel. | |
| 084 | |a 70Bxx |2 msc2000 | ||
| 084 | |a 70-01 |2 msc2000 | ||
| 859 | |h 70 |i D476 |p A-3585 |b BIB. MATEMATICA | ||
